000
00194nam a2200109Ia 4500
100
_a
#N/A
942
_c
BK
654
_a
kinematics
245
_a
Kinematics
260
_b
#N/A
546
_a
ENGLISH
999
_c
31439
_d
31439